| 000 | 00513nam a2200193 a 4500 | ||
|---|---|---|---|
| 001 | 1765435095226 | ||
| 003 | YourLibrary | ||
| 005 | 20251213131026.0 | ||
| 008 | 251211s2006##################000#0#eng## | ||
| 020 | _a9780143039846 | ||
| 082 | 0 | 4 | _a895.6342RYU |
| 100 | 1 |
_aAkutagawa, Ryūnosuke, _eauthor. |
|
| 245 | 1 | 0 | _aRashōmon and Seventeen Other Stories : |
| 260 |
_bPenguin Classics, _c2006. |
||
| 300 | _a268 pages | ||
| 650 | 0 | _aFiction. | |
| 942 | _cENGLISH | ||
| 040 |
_aYourLibrary _beng _cYourLibrary |
||
| 999 |
_c602404 _d602404 |
||